| 000 | 00995nam a22003137a 4500 | ||
|---|---|---|---|
| 003 | CHAP | ||
| 005 | 20220329140117.0 | ||
| 008 | 971013s1937 r 00010 d | ||
| 010 | _a47104 | ||
| 011 | _a48076 | ||
| 035 | _a52221 | ||
| 040 | _cCHAP | ||
| 090 | _aTesis | ||
| 100 | 0 | 0 |
_aValenzuela Rivera, Jesús. _9117499 |
| 245 | _aProyecto de torre para toma en la presa de San Joaquín | ||
| 260 |
_aChapingo, Méx. : _bEl autor, _c1937 |
||
| 300 | _a20 p. | ||
| 502 | _aTesis (Ing. Agr. Esp. en Irrigación) -- ENA. Departamento de Irrigación | ||
| 590 |
_aALEPH _b10 _c20130110 _lUCH01 _h1316 |
||
| 590 |
_aBATCH-UPD _b10 _c20130110 _lUCH01 _h2211 |
||
| 590 |
_aBATCH-UPD _b10 _c20130410 _lUCH01 _h1514 |
||
| 590 |
_aBATCH-UPD _b10 _c20130914 _lUCH01 _h1935 |
||
| 590 |
_aCONVERSION _b10 _c20130109 _lUCH01 _h1326 |
||
| 650 | 1 | 4 |
_aPresa San Joaquín, Méx. _991471 |
| 650 | 1 | 4 |
_aPresas _xMéxico (Edo.) _991495 |
| 901 | _aBK | ||
| 942 | _cTESIS | ||
| 949 |
_bBC _cTES _d-116418 _eTS1 _i52221 _si |
||
| 999 |
_c47104 _d47104 |
||